000 00678nam a2200229 a 4500
001 18146
003 CO-ViMGA
008 141112s2004 ck r 000 u spa d
020 _a8430604634
040 _aCO-ViMGA
_bspa
_cCO-ViMGA
082 0 4 _a909.6 W457
100 1 _aWillis Jr, John
_925823
245 1 0 _a1688 una historia global
260 _aMadríd (España),
_cTaurus,
_c2002
300 _a436.p.
590 _aForma de adquisición : Premio - Mincultura
650 1 4 _aAMSTERDAM - HISTORIA - 1688
_925824
650 1 4 _aFRANCIA - HISTORIA - 1688
_925825
650 1 4 _aHISTORIA UNIVERSAL - 1688
_925826
650 1 4 _aLONDRES - HISTORIA - 1688
_925827
942 _2ddc
_cBK
999 _c27518
_d27518